| 000 | 01023cam a2200205 4500 | ||
|---|---|---|---|
| 001 | WB4013-04 | ||
| 008 | 040401n2004 000 0 eng u | ||
| 035 | _a(Sirsi) u125718 | ||
| 245 | _aUK REITS consultation | ||
| 260 | _c2004 | ||
| 490 |
_aRICS Commercial Property Faculty News _v29 March 2004 (1) |
||
| 520 | _aHM Treasury has announced a public consultation on a UK REIT type property investment vehicle. It follows a recommendation from Kate Barker's review into the responsiveness of housing supply. The consultation, "Promoting more flexible investment in property", is available from the HM Treasury website, http://www.hm-treasury.gov.uk/budget/budget_04/ass ociated_documents/bud_bud04_adproperty.cfm. Closing date is 16 July 2004. http://www.rics.org/ricscms/bin/show?class=News&te mplate=/includes/shownews.html&id=8588 | ||
| 590 | _aWB | ||
| 590 | _aWB | ||
| 650 | _aREITS | ||
| 650 | _aHOUSING SUPPLY | ||
| 650 | _aPUBLIC CONSULTATIONS | ||
| 690 | _aCOMMERCIAL PROPERTY-INVESTMENT | ||
| 942 | _n0 | ||
| 999 |
_c117162 _d117162 |
||